000 02136cam a22004334i 4500
003 PE-LiUPU
005 20250731175626.0
008 150623s r 000 0 d
020 _a0199221944
035 _a(Sirsi) i9780199221943
040 _aPE-LiUPU
_bspa
_cPE-LiUPU
_erda
049 _aPRUA
082 0 4 _a492.29
_bS71
_221
245 0 0 _aStudia Aramaica :
_bnew sources and new approaches. Papers delivered at the London Conference of the Institute of Jewish studies. University College London 26th-28th june 1991 /
_cEditado por J. C. Greenfield y M. P. Weitzman.
264 1 _aOxford :
_bOxford University Press,
_c1995.
300 _a262 páginas :
_bilustraciones, fotos, gráficos ;
_c24 centímetros
336 _atext
_2rdacontent
337 _aunmediated
_2rdamedia
338 _avolume
_2rdacarrier
490 0 _aJournal of Semitic Studies Supplement ;
_v4
504 _aIncluye bibliografía.
505 0 _aAramaic and the Jews. -A re-examination of the Berlin Aramaic dockets. -Greek and Aramaic in plmyrene inscriptions. -Lamedh-Yodh verbs in Palestinian Targumic aramaic. Pagan incantations in aramaic magic bowls. -Combat and conflict in incantation bowls : studies on two aramaic specimens from nippur. -Les inscriptions araméennes de cheikh-fadl (Egypte). -New light on the ancient town of taima. -Cognates can be deceptive _ some aramaic distinctives. -Neue materialien zum christlich- palastinish-aramaischen lexikon I..
526 _aP145
526 _aP127
526 _aP97
526 _aP35
526 _aP14
526 _aP07
650 0 4 _aArameo
_xCongresos.
700 1 _aGeller, M. J.
700 1 _aGreenfield, J. C.,
_eed.
700 1 _aWeitzman, M. P.,
_eed.
942 _2ddc
_cBOOK
949 _a492.29 S71
_wDEWEY
_c1
_i49495
_lCCODEBUL1
_mBUL
_r0
_sY
_tBOOK
_u2015-6-24
_xTEOLOGIA
_PP35
_0COMPRA
_o.STAFF. Colección General
994 _aC0
_bPEPRU
596 _a1
999 _a492.29 S71
_wDEWEY
_c30272
_i49495
_f2021-11-5
_g5
_lCCODEBUL1
_mBUL
_r0
_sY
_tBOOK
_u2015-6-24
_xBIBLIOTECA
_PP35
_0COMPRA
_o.STAFF. Colección General
_d30272
980 _81
_gALBERTO SANCHEZ Responsable de Automatización